Statistics for Super Smash Bros. Ultimate Franchises Without JetPunk Tags

Click here to take the quiz!

General Stats

  • This quiz has been taken 49 times
    (48 since last reset)
  • The average score is 15 of 26

Answer Stats

#Franchise% Correct
13Donkey Kong
80%
5Wario
77%
4Yoshi
74%
0ARMS
71%
24Kirby
69%
14Metroid
69%
0Game & Watch
66%
5Pac-Man
66%
5Castlevania
60%
1R.O.B.
60%
0Wii Fit
60%
7Xenoblade Chronicles
60%
0Duck Hunt
57%
7Persona
57%
5Splatoon
57%
0Star Fox
54%
2Bayonetta
51%
2Dragon Quest
49%
2Earthbound
49%
7Pikmin
49%
1Ice-Climber
46%
1Banjo-Kazooie
43%
2F-Zero
43%
2Punch-Out!!
43%
4Kid Icarus
31%
3King of Fighters
23%

Score Distribution

Percentile by Number Answered

Percent of People with Each Score

Your Score History

You have not taken this quiz since the last reset